30 和歌山県の市町村 人口順 - Statistics

General Stats
  • This quiz has been taken 3 times
  • The average score is 15 of 30
Answer Stats
順位 人口 市町村 % Correct
1 341,549 和歌山市
100%
2 64,188 田辺市
100%
3 57,188 橋本市
100%
7 24,601 新宮市
100%
4 56,040 紀の川市
67%
5 53,670 岩出市
67%
6 44,507 海南市
67%
8 23,998 有田市
67%
10 21,462 御坊市
67%
28 2,592 太地町
67%
29 2,147 古座川町
67%
30 347 北山村
67%
9 23,806 有田川町
33%
11 18,794 白浜町
33%
12 15,291 上富田町
33%
13 14,661 かつらぎ町
33%
14 13,020 串本町
33%
15 12,731 那智勝浦町
33%
16 10,814 みなべ町
33%
17 9,965 湯浅町
33%
18 8,280 日高川町
33%
19 7,665 日高町
33%
20 7,260 紀美野町
33%
21 7,073 印南町
33%
22 6,227 広川町
33%
23 6,075 美浜町
33%
24 4,705 由良町
33%
25 3,413 九度山町
33%
26 3,220 すさみ町
33%
27 2,639 高野町
33%
No matching quizzes found
Score Distribution
Percent of People with Each Score
Percentile by Number Answered
Your Score History
You have not taken this quiz